000 00354nam a22001577a 4500
003 OSt
008 250425b |||||||| |||| 00| 0 eng d
020 _a9781409181637
100 _aMICHAELIDES,Alex
245 _aThe Silent Patient
250 _a1st
260 _aUnited Kingdom
_bOrion
_c2019
300 _a339
650 _aGeneral
942 _2ddc
_cBK
999 _c13451
_d13451